Interpreter`s Bible (Record no. 2401)
[ view plain ]
| 000 -LEADER | |
|---|---|
| fixed length control field | 01198nam a2200265 a 4500 |
| 020 ## - INTERNATIONAL STANDARD BOOK NUMBER | |
| ISBN | |
| 082 00 - DEWEY DECIMAL CLASSIFICATION NUMBER | |
| Classification number | 220.7 |
| Author Cutter | BUT |
| 100 ## - MAIN ENTRY--AUTHOR NAME | |
| Author name | Buttrick, George Arthur |
| 245 ## - TITLE STATEMENT | |
| Title | Interpreter`s Bible |
| 260 ## - PUBLICATION, DISTRIBUTION, ETC. (IMPRINT) | |
| Place of publication | New York |
| Name of publisher | Abingdon Press |
| Year of publication | 1952 |
| 300 ## - PHYSICAL DESCRIPTION | |
| Number of Pages | 1099p |
| 500 ## - GENERAL NOTE | |
| General note | includes index and biblioraphy |
| 505 2# - FORMATTED CONTENTS NOTE | |
| Formatted contents note | Indexes to the notes |
| 505 2# - FORMATTED CONTENTS NOTE | |
| Formatted contents note | Indexes to the notes00 |
| 650 ## - SUBJECT ADDED ENTRY--TOPICAL TERM | |
| Topical Term | Bible-Commentaries |
| 942 ## - ADDED ENTRY ELEMENTS (KOHA) | |
| Koha item type | Books |
| 700 1# - | |
| -- | Walter Russell Bowie |
| 700 1# - | |
| -- | Paul Scherer |
| Collection code | Home library | Current library | Shelving location | Date acquired | Cost, normal purchase price | Full call number | Accession Number | Koha item type |
|---|---|---|---|---|---|---|---|---|
| Reference | Henry Martyn Institute Library | Henry Martyn Institute Library | Reference | 12/18/2015 | 100.00 | 220.7 BUT | 3280 | Books |
| Reference | Henry Martyn Institute Library | Henry Martyn Institute Library | Reference | 12/18/2015 | 100.00 | 220.7 BUT | 3281 | Books |
| Reference | Henry Martyn Institute Library | Henry Martyn Institute Library | Reference | 12/18/2015 | 100.00 | 220.7 BUT | 3282 | Books |
| Reference | Henry Martyn Institute Library | Henry Martyn Institute Library | Reference | 12/18/2015 | 100.00 | 220.7 BUT | 3283 | Books |
| Reference | Henry Martyn Institute Library | Henry Martyn Institute Library | Reference | 12/18/2015 | 100.00 | 220.7 BUT | 3284 | Books |
| Reference | Henry Martyn Institute Library | Henry Martyn Institute Library | Reference | 12/18/2015 | 100.00 | 220.7 BUT | 3285 | Books |
| Reference | Henry Martyn Institute Library | Henry Martyn Institute Library | Reference | 12/18/2015 | 100.00 | 220.7 BUT | 3286 | Books |
| Reference | Henry Martyn Institute Library | Henry Martyn Institute Library | Reference | 12/18/2015 | 100.00 | 220.7 BUT | 3287 | Books |
| Reference | Henry Martyn Institute Library | Henry Martyn Institute Library | Reference | 12/18/2015 | 100.00 | 220.7 BUT | 3288 | Books |
| Reference | Henry Martyn Institute Library | Henry Martyn Institute Library | Reference | 12/18/2015 | 100.00 | 220.7 BUT | 3289 | Books |
| Reference | Henry Martyn Institute Library | Henry Martyn Institute Library | Reference | 12/18/2015 | 100.00 | 220.7 BUT | 3290 | Books |
| Reference | Henry Martyn Institute Library | Henry Martyn Institute Library | Reference | 12/18/2015 | 100.00 | 220.7 BUT | 3291 | Books |
